New headway english course : intermediate student's book /

Guardado en:
Autor Principal: Soars, Liz
Otros Autores: Soars, John
Formato: Libro
Publicado: New York : Oxford University, 1996
Materias:
Etiquetas: Agregar Etiqueta
Sin Etiquetas, Sea el primero en etiquetar este registro!
LEADER 00864nam a22002415a 4500
001 CEM.cems010445
005 20080519124910.0
008 130507s1996##################000#0#####d
003 CEMS
020 |a 0194702235 
082 0 4 |a 428.64 
100 1 |a Soars, Liz 
245 1 0 |a New headway english course :  |b intermediate student's book /  |c Liz Soars, John Soars 
260 |a New York :  |b Oxford University,  |c 1996 
300 |a 160 p. 
653 |a Inglés 
653 |a Inglés-textos 
700 1 |a Soars, John 
859 |a CEMS  |b BIB. CEMS - 11 de abril  |h 428.64  |i So11  |p 1739.44  |t Ej.3 
859 |a CEMS  |b BIB. CEMS - 11 de abril  |h 428.64  |i So11  |p 1740.44  |t Ej.4 
859 |a CEMS  |b BIB. CEMS - 11 de abril  |h 428.64  |i So11  |p 1741.44  |t Ej.5 
859 |a CEMS  |b BIB. CEMS - 11 de abril  |h 428.64  |i So11  |p 21002.00  |t Ej.1 
859 |a CEMS  |b BIB. CEMS - 11 de abril  |h 428.64  |i So11  |p 21003.00  |t Ej.2